Airtightness of ceilings (Record no. 105398)

MARC details
000 -LEADER
fixed length control field 00917cam a2200253 4500
001 - CONTROL NUMBER
control field ##L133436
008 - FIXED-LENGTH DATA ELEMENTS--GENERAL INFORMATION
fixed length control field 060508n2006 000 0 eng u
020 ## - INTERNATIONAL STANDARD BOOK NUMBER
International Standard Book Number 1860819117
035 ## - SYSTEM CONTROL NUMBER
System control number (Sirsi) u133436
041 0# - LANGUAGE CODE
Language code of text/sound track or separate title eng
050 04 - LIBRARY OF CONGRESS CALL NUMBER
Classification number 695.2 $2 18
100 1# - MAIN ENTRY--PERSONAL NAME
Personal name Sanders, Chris
245 00 - TITLE STATEMENT
Title Airtightness of ceilings
Remainder of title energy loss and condensation risk
260 ## - PUBLICATION, DISTRIBUTION, ETC.
Place of publication, distribution, etc. Watford
Name of publisher, distributor, etc. BRE
Date of publication, distribution, etc. 2006
300 ## - PHYSICAL DESCRIPTION
Extent 12p.
Other physical details ill.
Dimensions 30cm.
490 #0 - SERIES STATEMENT
Series statement BRE Information Paper
Volume/sequential designation IP 4/06
520 ## - SUMMARY, ETC.
Summary, etc. Explains the airflow routes between a house and its loft and sets out the measures which can be taken to reduce the flow. Desribes methods for measuring the airtightness of a ceiling and assessing the condensation risk.
590 ## - LOCAL NOTE (RLIN)
Local note IKA190906
651 #4 - SUBJECT ADDED ENTRY--GEOGRAPHIC NAME
Geographic name United Kingdom
Chronological subdivision
690 ## - LOCAL SUBJECT ADDED ENTRY--TOPICAL TERM (OCLC, RLIN)
Topical term or geographic name as entry element BUILT ENVIRONMENT-BUILDING ELEMENTS-COMPLETE BUILDING ELEMENTS-ROOFS
700 1# - ADDED ENTRY--PERSONAL NAME
Personal name Haig, John
700 1# - ADDED ENTRY--PERSONAL NAME
Personal name Rideout, Neil
942 ## - ADDED ENTRY ELEMENTS (KOHA)
Suppress in OPAC 0
Holdings
Withdrawn status Lost status Source of classification or shelving scheme Damaged status Not for loan Home library Current library Shelving location Date acquired Total Checkouts Full call number Barcode Date last seen Date last checked out Copy number Price effective from Koha item type
    Dewey Decimal Classification     London London BRE publications 06/09/2006 1 ENQUIRY DESK 30072971 06/08/2019 05/02/2009 1 06/08/2019 Book